<?xml version="1.0" encoding="UTF-8"?>
<collection xmlns="http://www.loc.gov/MARC21/slim">
 <record>
  <leader>01618nam a22002417a 4500</leader>
  <controlfield tag="001">NCT_29703</controlfield>
  <controlfield tag="008">180414b        xxu||||| |||| 00| 0 vie d</controlfield>
  <datafield tag="999" ind1=" " ind2=" ">
   <subfield code="c">1430</subfield>
   <subfield code="d">1430</subfield>
  </datafield>
  <datafield tag="020" ind1=" " ind2=" ">
   <subfield code="a">9786046618027</subfield>
   <subfield code="c">110000</subfield>
  </datafield>
  <datafield tag="082" ind1="0" ind2="4">
   <subfield code="2">23rd ed.</subfield>
   <subfield code="a">616.9</subfield>
   <subfield code="b">X527</subfield>
  </datafield>
  <datafield tag="100" ind1="1" ind2=" ">
   <subfield code="a">Nguyễn Thị Xuyên</subfield>
   <subfield code="e">Chủ biên</subfield>
  </datafield>
  <datafield tag="245" ind1="1" ind2="0">
   <subfield code="a">Hướng dẫn chẩn đoán và điều trị một số bệnh truyền nhiễm</subfield>
   <subfield code="b">: Ban hành kèm theo Quyết định số 5642/QĐ-BYT ngày 31/12/2015 của Bộ trưởng Bộ Y Tế</subfield>
   <subfield code="c">Nguyễn Thị Xuyên, Nguyễn Văn Kính, Lương Ngọc khuê</subfield>
  </datafield>
  <datafield tag="260" ind1=" " ind2=" ">
   <subfield code="a">H.</subfield>
   <subfield code="b">Y học</subfield>
   <subfield code="c">2016</subfield>
  </datafield>
  <datafield tag="300" ind1=" " ind2=" ">
   <subfield code="a">255 tr.</subfield>
   <subfield code="c">27cm</subfield>
  </datafield>
  <datafield tag="520" ind1="3" ind2=" ">
   <subfield code="a">Tài liệu bao gồm 14 bài hướng dẫn một số bệnh truyền nhiễm. Trong đó, tập trung vào hướng dẫn thực hành chẩn đoán và điều trị, vì vậy sẽ rất hữu ích cho các thầy thuốc đa khoa, chuyên khoa trong thực hành lâm sàng hàng ngày.</subfield>
  </datafield>
  <datafield tag="653" ind1=" " ind2=" ">
   <subfield code="a">Y đa khoa</subfield>
  </datafield>
  <datafield tag="700" ind1="1" ind2=" ">
   <subfield code="a"> Nguyễn Văn Kính</subfield>
   <subfield code="e">Đồng chủ biên</subfield>
  </datafield>
  <datafield tag="700" ind1="1" ind2=" ">
   <subfield code="a">Lương Ngọc khuê</subfield>
   <subfield code="e">Đồng chủ biên</subfield>
  </datafield>
  <datafield tag="710" ind1=" " ind2=" ">
   <subfield code="a">Bộ Y Tế</subfield>
  </datafield>
  <datafield tag="942" ind1=" " ind2=" ">
   <subfield code="2">ddc</subfield>
   <subfield code="c">BK</subfield>
  </datafield>
  <datafield tag="952" ind1=" " ind2=" ">
   <subfield code="0">0</subfield>
   <subfield code="1">0</subfield>
   <subfield code="2">ddc</subfield>
   <subfield code="4">0</subfield>
   <subfield code="6">616_900000000000000_X527</subfield>
   <subfield code="7">0</subfield>
   <subfield code="9">6903</subfield>
   <subfield code="a">000001</subfield>
   <subfield code="b">000001</subfield>
   <subfield code="d">2018-04-14</subfield>
   <subfield code="o">616.9 X527</subfield>
   <subfield code="p">MD.10949</subfield>
   <subfield code="r">2018-04-14</subfield>
   <subfield code="v">110000.00</subfield>
   <subfield code="w">2018-04-14</subfield>
   <subfield code="y">BK</subfield>
  </datafield>
  <datafield tag="952" ind1=" " ind2=" ">
   <subfield code="0">0</subfield>
   <subfield code="1">0</subfield>
   <subfield code="2">ddc</subfield>
   <subfield code="4">0</subfield>
   <subfield code="6">616_900000000000000_X527</subfield>
   <subfield code="7">0</subfield>
   <subfield code="9">6904</subfield>
   <subfield code="a">000001</subfield>
   <subfield code="b">000001</subfield>
   <subfield code="d">2018-04-14</subfield>
   <subfield code="l">5</subfield>
   <subfield code="o">616.9 X527</subfield>
   <subfield code="p">MD.11770</subfield>
   <subfield code="r">2022-02-19</subfield>
   <subfield code="s">2022-02-19</subfield>
   <subfield code="v">110000.00</subfield>
   <subfield code="w">2018-04-14</subfield>
   <subfield code="y">BK</subfield>
  </datafield>
  <datafield tag="980" ind1=" " ind2=" ">
   <subfield code="a">Thư viện Trường Đại học Nam Cần Thơ</subfield>
  </datafield>
 </record>
</collection>
